CA technológie pre návrh a výrobu tvarovej súčiastky typu skrutkovice

Na minha lista:
Detalhes bibliográficos
Autor principal: Burský, Denis (Author)
Outros Autores: Jurina, František (Thesis advisor)
Formato: Manuscrito Livro
Idioma:eslovaco
Publicado em: 2024
Assuntos:
Acesso em linha:http://is.stuba.sk/zp/portal_zp.pl?podrobnosti=177913
Tags: Adicionar Tag
Sem tags, seja o primeiro a adicionar uma tag!

MARC

LEADER 00000ntm a22000003a 4500
001 stuzp98109
003 SK-STU
005 20240608211628.7
007 ta
008 150427s2015----xo-----f-mn---000-0-slo-d
040 |a STU  |b slo 
041 0 |a slo 
100 1 |a Burský, Denis  |u 063000  |k Z4  |4 aut  |U MTF Materiálovotechnologická fakulta  |T MTF Ústav výrobných technológií  |X 97163  |U M3000  |Y 83  |7 97163 
242 0 1 |a CA technology for design and production of helix type shaped component  |y eng 
245 1 0 |a CA technológie pre návrh a výrobu tvarovej súčiastky typu skrutkovice 
260 |c 2024 
650 4 |a skrutkovica  |2 slo 
650 4 |a CNC  |2 slo 
650 4 |a 3D tlač  |2 slo 
650 4 |a CAD  |2 slo 
650 4 |a CAM  |2 slo 
650 4 |a helix  |2 eng 
650 4 |a CNC  |2 eng 
650 4 |a 3D printing  |2 eng 
650 4 |a CAD  |2 eng 
650 4 |a CAM  |2 eng 
700 1 |a Jurina, František  |u 063200  |k Z2  |4 ths  |U MTF Ústav výrobných technológií  |T MTF Katedra obrábania a počítačovej podpory technológií  |X 46002  |U M3200  |Y 164  |7 A000046002 
856 4 |u http://is.stuba.sk/zp/portal_zp.pl?podrobnosti=177913 
996 |c M* DP-14454  |l MMSKP  |s P  |a 0  |w stuzp98109_0001